| 000 | 00497nam a22001817a 4500 | ||
|---|---|---|---|
| 999 |
_c5777 _d5777 |
||
| 003 | OSt | ||
| 005 | 20200225102836.0 | ||
| 008 | 160322b xxu||||| |||| 00| 0 eng d | ||
| 020 | _a1855734672 | ||
| 040 |
_aMMU _beng _cMMU _dMMU |
||
| 050 |
_aTP248.65 _b.F782002 |
||
| 245 |
_aFruit and vegetable biotechnology/ _cEdited by Victoriano Valpuesta. |
||
| 260 |
_aUSA : _bCRC Press, _c2004. |
||
| 300 |
_axi, 338p.: _bill: |
||
| 500 | _aIncludes Index | ||
| 650 | _aFruits | ||
| 942 |
_2lcc _cLOAN LOAN |
||